| 000 | 00589nam a2200193Ia 4500 | ||
|---|---|---|---|
| 008 | 131103s9999 xx 000 0 und d | ||
| 020 | _cRs.205 | ||
| 040 | _aLoreto College | ||
| 041 | _aEnglish | ||
| 082 |
_a891.431/RAJ _bLCLIB/37534 |
||
| 100 | _aRajpal,Hukumchand | ||
| 245 |
_aSamakalin kavita mein manab - mulya _cHukumchand Rajpal |
||
| 260 |
_aNew Delhi _bSharda Prakasan _c1993 |
||
| 300 |
_a310 p. _c 21 cm. |
||
| 504 | _aIncludes bibliographical references and index | ||
| 650 | _aHindi Poetry - Criticism and interpretation | ||
| 850 | _aLCLIB/891.431/RAJ | ||
| 942 | _cBK | ||
| 999 |
_c18098 _d68577 |
||